000 00428nam a2200181Ia 4500
001 4362
005 20260306145750.0
008 260306t2021||||xx |||||||||||||| ||spa||
041 _aESP
082 _a320.985
_bF62
100 _aFlores-Aráoz Esparza, Ántero
_eAUT
245 0 _aPensemos en el Perú
260 _c2021
300 _a1074 páginas :
_c24 cm.
650 _aGEN
654 _aCDE
942 _cLIB
_dJUS
_fJUS
_2ddc
_n
999 _c4362
_d4362